Animals that Appear on Venezuelan Flags - Statistics

General Stats
  • This quiz has been taken 12 times
  • The average score is 4 of 5
Answer Stats
Countries Animal % Correct
Bolívar Snake
90%
Anzoátegui, Apure, +1 other Cattle
80%
Trujillo Dove
80%
Apure, Guárico Horse
70%
Anzoátegui Phoenix
50%
No matching quizzes found
Score Distribution
Percent of People with Each Score
Percentile by Number Answered
Your Score History
You have not taken this quiz